000 00951nmm a2200289 a 4500
001 ocm0001232129
003 TR-IsHL
005 20201028155954.0
008 150709s2010 tu tur
007 cr cn
020 _a9786053841463
035 _a1232129
_b(N$T)
050 0 4 _aPS3537.S48
_bM9 2010
090 0 4 _aPS3537.S48
_bM9 2010
100 1 _aSeton, Anya
245 1 0 _aDüşlerimin prensesi: sevgili Theodosia'm
_h[electronic resource] /
_cAnya Seton ; çeviri İhsan Dinç
260 _aİstanbul :
_bSonsuz Kitap,
_c2010
300 _a385 p.
500 _aÖzgün eser adı : My theodosia
_x
650 4 _aDil ve Edebiyat
650 4 _aLanguage and Literature
650 0 _aAmerikan romanı
650 0 _aAmerican fiction
650 7 _aLITERARY COLLECTIONS / American / General
_2bisacsh
700 1 _aDinç, İhsan
856 4 0 _uhttp://search.ebscohost.com/login.aspx?direct=true&scope=site&db=e011xww&AN=1232129
999 _c13360
_d13360